The rap quiz! #1 - Statistics

General Stats
  • This quiz has been taken 22 times
  • The average score is 5 of 9
Answer Stats
Hint Answer % Correct
Collaborated with Adidas to create Yeezy, most famously known for their shoes Kanye West
95%
Canadian rapper, singer and songwriter, founded OVO Sound record label in 2012 Drake
86%
Rapper shot 9 times in 2000 however still alive today 50 Cent
81%
Born in Harlem, New York City, this rapper would be known by many as the greatest of all time Tupac
67%
1992 duo famously known for their song "Shook Ones Part 1" Mobb Deep
52%
Part of the group 'Odd Future'. Goblin being his debut studio album Tyler The Creator
48%
Born in 1983 this rapper is said to be the father of at least 7 children Future
24%
Known for focusing on controversial topics. Released "Dance With The Devil" in 2002 Immortal Technique
24%
3 man group active from 1995 - 2005. Members being Mack 10, WC and Ice Cube Westside Connection
10%
No matching quizzes found
Score Distribution
Percent of People with Each Score
Percentile by Number Answered
Your Score History
You have not taken this quiz